000 01184nam a2200301 i 4500
001 98732
003 ES-MaACL
005 20250820124001.0
007 t|
008 051021s1966 sp ||||1| spa d
080 _a75 Galí, Francesc (083.82)
100 1 _aGalí, Francesc (
_d1880-1965)
_953390
245 1 0 _aFrancisco Galí
_b: [exposición, Sala de Santa Catalina del Ateneo de Madrid, marzo de 1966] /
_c[textos, J. Llorens Artigas, Alejandro Cirici Pellicer].
260 _a[Madrid] :
_bPublicaciones Españolas,
_c[1966]
300 _a[16] p. :
_bil. ;
_c28 cm.
490 1 _aCuadernos de arte. Colección ordinaria ;
_v216
600 1 4 _aGalí, Francesc (
_d1880-1965)-
_vExposiciones.
_953391
610 2 7 _aAteneo de Madrid-
_vExposiciones-
_y1960-1969.
_91920
655 7 _2tgfbne
_9193628
_aCatálogos de exposiciones
700 1 _aLlorens Artigas, Josep,
_d1892-1981
_972886
700 1 _aCirici, Alexandre.
_938890
710 2 _aAteneo de Madrid.
_bSala de Santa Catalina.
_91964
830 0 _aCuadernos de arte. Colección ordinaria
_v216
_9180064
852 _aES-MaACL
_j2196-F-17;
852 _aES-MaACL
_jG-13304(4).
942 _2udc
999 _c98732
_d98732